UBT Library

Human anatomy & physiology laboratory manual : rat version / (Record no. 40820)

000 -LEADER
fixed length control field 00948cam a2200241 i 4500
001 - CONTROL NUMBER
control field 19339645
005 - DATE AND TIME OF LATEST TRANSACTION
control field 20180124034359.0
008 - FIXED-LENGTH DATA ELEMENTS--GENERAL INFORMATION
fixed length control field 161018s2011 maua 001 0 eng
010 ## - LIBRARY OF CONGRESS CONTROL NUMBER
LC control number 2016427848
020 ## - INTERNATIONAL STANDARD BOOK NUMBER
International Standard Book Number 9780321765611
020 ## - INTERNATIONAL STANDARD BOOK NUMBER
International Standard Book Number 0321765613
040 ## - CATALOGING SOURCE
Original cataloging agency DLC
Language of cataloging eng
Transcribing agency DLC
Description conventions rda
Modifying agency DLC
041 ## - LANGUAGE CODE
Language code of text/sound track or separate title eng
080 ## - UNIVERSAL DECIMAL CLASSIFICATION NUMBER
Universal Decimal Classification number 612.0078 MAR
082 00 - DEWEY DECIMAL CLASSIFICATION NUMBER
Classification number 612.0078 MAR
Edition number 23
100 1# - Rafti
Rafti 7
101 ## - Shkurtesa
Shkurtesa ANA
245 10 - TITLE STATEMENT
Title Human anatomy & physiology laboratory manual : rat version /
Statement of responsibility, etc Elaine N. Marieb, R.N., Ph.D., Holyoke Community College, Susan J. Mitchell, Ph.D., Onondaga Community College ; rat dissection authored by Robert J. Sullivan, Ph. D., Marist College ; PhysioEx version 8.0 authored by Peter Z. Zao [and four others].
246 3# - VARYING FORM OF TITLE
Title proper/short title Human anatomy and physiology laboratory manual
906 ## - LOCAL DATA ELEMENT F, LDF (RLIN)
a 7
b cbc
c origcop
d 2
e ncip
f 20
g y-gencatlg
942 ## - ADDED ENTRY ELEMENTS (KOHA)
Source of classification or shelving scheme
Item type Books
Holdings
Withdrawn status Lost status Source of classification or shelving scheme Damaged status Not for loan Collection code Permanent location Current location Shelving location Date acquired Total Checkouts Full call number Barcode Date last seen Price effective from Koha item type
          Koleksioni i përgjithshem UBT - Lipjan UBT - Lipjan Koleksioni i përgjithshem 01/24/2018   612.0078 MAR 002-2996338 01/24/2018 01/24/2018 Books
UBT Library © 2015-2024. All rights reserved University Education for Business and Technology